Top 100 golfers in the world - Statistics

General Stats
  • This quiz has been taken 96 times
  • The average score is 38 of 100
Answer Stats
Rank Country Answer % Correct
2 Northern Ireland Rory McIlroy
97%
1 USA Scottie Scheffler
97%
35 USA Bryson DeChambeau
95%
4 England Justin Rose
89%
3 England Tommy Fleetwood
88%
12 Japan Hideki Matsuyama
85%
23 Sweden Ludvig Aberg
84%
9 USA Xander Schauffele
81%
5 USA Collin Morikawa
80%
54 Spain Jon Rahm
79%
73 USA Jordan Spieth
79%
14 USA Justin Thomas
79%
52 Australia Adam Scott
76%
8 Scotland Robert MacIntyre
76%
31 Ireland Shane Lowry
76%
10 USA J.J. Spaun
73%
27 South Korea Si Woo Kim
73%
17 Norway Viktor Hovland
73%
13 Austria Sepp Straka
72%
22 England Matt Fitzpatrick
69%
49 USA Michael Kim
69%
36 Australia Jason Day
63%
55 Denmark Nicolai Hojgaard
61%
48 Denmark Rasmus Hojgaard
61%
21 USA Cameron Young
60%
33 Australia Min Woo Lee
60%
18 USA Patrick Reed
60%
90 England Jordan Smith
59%
6 USA Chris Gotterup
57%
30 USA Patrick Cantlay
56%
7 USA Russell Henley
55%
24 England Tyrrell Hatton
55%
28 USA Sam Burns
52%
11 USA Ben Griffin
51%
15 USA Harris English
49%
19 USA Keegan Bradley
47%
37 Canada Corey Conners
45%
70 South Korea Sungjae Im
43%
38 USA Akshay Bhatia
41%
68 USA Rickie Fowler
41%
64 USA Wyndham Clark
41%
16 Sweden Alex Noren
40%
72 China Haotong Li
40%
20 USA Jacob Bridgeman
40%
32 England Aaron Rai
37%
57 Canada Nick Taylor
37%
96 USA Tony Finau
36%
67 Belgium Thomas Detry
35%
94 USA Sahith Theegala
32%
47 Finland Sami Valimaki
32%
43 USA Jake Knapp
31%
59 Colombia Nicolas Echavarria
31%
53 USA Brian Harman
29%
40 New Zealand Ryan Fox
28%
34 England Marco Penge
27%
25 USA Maverick McNealy
27%
65 Japan Riyo Hisatsune
25%
99 Venezuela Jonathan Vegas
24%
62 USA Daniel Berger
21%
26 USA Ryan Gerard
21%
46 Norway Kristoffer Reitan
20%
63 Canada Taylor Pendrith
20%
77 England Daniel Brown
19%
93 USA Tom Hoge
19%
60 England Harry Hall
17%
74 Phillippines Richard Hoey
17%
81 USA Billy Horschel
16%
50 USA Michael Thorbjornsen
16%
44 USA Samuel Stevens
16%
71 South Africa Aldrich Potgieter
15%
41 USA Andrew Novak
15%
66 USA J.T. Poston
15%
79 USA Lucas Glover
15%
89 South Africa Christian Bezuidenhout
13%
75 South Africa Garrick Higgo
13%
29 USA Kurt Kitayama
13%
83 USA Patrick Rodgers
13%
92 USA Brian Campbell
12%
95 USA Chris Kirk
12%
86 Spain David Puig
12%
98 USA Davis Riley
12%
76 Australia Elvis Smylie
12%
91 England Matt Wallace
12%
87 USA Denny McCarthy
11%
39 USA Matt McCarty
11%
42 USA Michael Brennan
11%
58 Denmark Rasmus Neergaard-Petersen
11%
97 Denmark Thorbjorn Olesen
11%
85 France Adrien Saddier
9%
56 South Africa Jayden Schaper
9%
51 USA Max Greyserman
9%
69 USA Max McGreevy
9%
88 Northern Ireland Tom McKibbin
9%
80 South Africa Thriston Lawrence
7%
82 USA Bud Cauley
5%
100 New Zealand Daniel Hillier
5%
84 England John Parry
4%
78 England Laurie Canter
4%
45 USA Pierceson Cody
3%
61 USA John Keeper
1%
No matching quizzes found
Score Distribution
Percent of People with Each Score
Percentile by Number Answered
Your Score History
You have not taken this quiz